Normal view MARC view

Entry Topical Term

Number of records used in: 1

001 - CONTROL NUMBER

  • control field: 39111

003 - CONTROL NUMBER IDENTIFIER

  • control field: dpl

005 - DATE AND TIME OF LATEST TRANSACTION

  • control field: 20120112161826.0

008 - FIXED-LENGTH DATA ELEMENTS

  • fixed length control field: 120112|||a|||||| | ||| d

040 ## - CATALOGING SOURCE

  • Original cataloging agency: dpl
  • Transcribing agency: dpl

150 ## - HEADING--TOPICAL TERM

  • Topical term or geographic name as entry element: Relational databases.

670 ## - SOURCE DATA FOUND

  • Source citation: Work cat.: (dpl)0: Weinberg, Paul N. 39109, SQL, the complete reference /, 2011

670 ## - SOURCE DATA FOUND

  • Source citation: Work cat.: (dpl)0: Weinberg, Paul N. 39109, SQL, the complete reference /, 2011

© Delhi Public Library
Hit Counter
free hit counter